00338nam a2200121Ia 4500008004100000041000800041082001400049100002400063245004500087260004200132300003300174365000900207240624s9999 xx 000 0 und d aeng a332.1 TIB aTIBY AMR MOHAMED EL aISLAMIC BANKING HOW TO MANAGE RISK AND I c2011aNew JerseybJohn Wiley and Sons axxiii, : 211 : p. : cm. ; 23 cb27